Normal view
MARC view
Entry Topical Term
001 - CONTROL NUMBER
- control field: 61084
003 - CONTROL NUMBER IDENTIFIER
- control field: OSt
005 - DATE AND TIME OF LATEST TRANSACTION
- control field: 20260608120747.0
008 - FIXED-LENGTH DATA ELEMENTS
- fixed length control field: 260608|| aca||aabn | a|a d
040 ## - CATALOGING SOURCE
- Original cataloging agency: OSt
- Transcribing agency: OSt
150 ## - HEADING--TOPICAL TERM
- Topical term or geographic name entry element: Leadership, Public organization, revival, Disinvestment, Electronics industry, HR reforms Strategic reforms, Work cultural, Trade unions, Mini Ratna.
670 ## - SOURCE DATA FOUND
- Source citation: Work cat.: (OSt): Kumar, Ullas 61083, From disinvestment to Mini-Ratna: Turnaround of CEL a case study on leadership, culture, and discipline in PSU revival
